| 000 | 02820nam a2200469 c 4500 | ||
|---|---|---|---|
| 003 | BLK | ||
| 005 | 20240909132312.0 | ||
| 008 | 180411b bul|||||r ||||||| ||bul|| | ||
| 010 | _aKNG00184704000 | ||
| 020 |
_a978-619-7239-02-7 _bиздат.: Регион. библ. Сава Доброплодни |
||
| 040 | _aBLK | ||
| 041 |
_aBUL _cBUL |
||
| 072 | 7 |
_2bullib _aН82 _xЛитературознание Н |
|
| 080 |
_aЛитература на отделни езици и езикови семейства _b821 _x-93.09(063) _z821-93.09(063) |
||
| 700 |
_aПетрова-Василева, Росица Колева _9370756 |
||
| 700 | 1 |
_aКостова, Корнелия Бончева _eпрев. на англ. _9340460 |
|
| 700 | 1 |
_aКънева, Петя _eпрев. на англ. _9383295 |
|
| 710 | 1 |
_aНационален фестивал на дет. кн. Сливен _9285778 |
|
| 139 |
_aСъвременната фентъзи литература за деца - между традицията и новите тенденции _bС 96 |
||
| 245 | 1 | 0 |
_aСъвременната фентъзи литература за деца - между традицията и новите тенденции _bСб. докл. от кръгла маса, Сливен 11 - 13 май 2015 г. _cсъстав. Росица Колева Петрова-Василева; прев. на англ. Корнелия Бончева Костова; прев. на англ. Петя Кънева. |
| 246 | 1 | 1 | _aModern Fantasy Literature for Children - Between Tradition and New Trends : Collection of reports of the round table, Sliven, 11-13 May, 2015 |
| 257 | _aBGR | ||
| 260 |
_аСофия _bРегион. библ. Сава Доброплодни _c2015 _fСливен : ИК Жажда |
||
| 300 |
_a238 с. _c22 см |
||
| 380 | _a82 | ||
| 500 | _aБиблиогр. след отд. докл. | ||
| 650 | 4 |
_aДетска и юношеска литература - конгреси, конференции, съвещания _9324904 |
|
| 650 | 4 |
_aНаучнофантастична и приключенска литература _9305107 |
|
| 653 | _aдетска литература | ||
| 653 | _aюношеска литература | ||
| 653 | _aприключенска литература | ||
| 653 | _aфантастична литература | ||
| 653 | _aконференции | ||
| 659 | _aН | ||
| 720 |
_aComp., [sci. ed.] Rositsa Petrova-Vasileva ; [transl. Petya Kaneva, Kornelia Kostova] _eпаралелен автор |
||
| 852 | _aЦб 278034 | ||
| 856 | 4 |
_qpdf _u |
|
| 856 | 4 |
_qpdf _u |
|
| 942 |
_cKNG _n0 _03 |
||
| 944 |
_aCR _c10.11.2015 _lКети Илиева _k30550 |
||
| 944 |
_aED _c23.11.2015 _lф / _kЛюдмила_Стоянова |
||
| 999 |
_c176099 _d176099 |
||